| 000 | 00906nam a2200241 a 4500 | ||
|---|---|---|---|
| 005 | 20141203153731.0 | ||
| 008 | 140121b1998 -ku||||| |||| 00| 0 spa d | ||
| 040 | _cCO-BoIH | ||
| 041 |
_aspa _heng |
||
| 044 | _axxk | ||
| 082 | 0 | 4 |
_a025.3 _bW99f |
| 245 | 0 | 0 |
_aFormato internacional de transferencias para los registros de plantas en los jardines botánicos : _bversión 2 / _ccompilado y editado por Diane Wyse Jackson, editado por Christopher Hobson |
| 246 | _aInternational transfer format for botanic garden plant records | ||
| 260 |
_aEdimburgo : _bBotanic Gardens Conservation International, _c1998 |
||
| 300 |
_a60 p. _c28 cm. |
||
| 650 | 6 |
_aRegistros biológicos _xformatos _929606 |
|
| 650 | 6 |
_aPlantas _929607 |
|
| 650 | 6 |
_aJardines botánicos _929608 |
|
| 700 | 1 |
_aHobson, Christopher _eed _94583 |
|
| 700 | 1 |
_aConn, Barry _eed _94584 |
|
| 700 | 1 |
_aWard, Chris _eed. _94586 |
|
| 942 |
_cINFORME _2ddc |
||
| 999 |
_c2824 _d2824 |
||